| 000 | 00659 a2200217 4500 | ||
|---|---|---|---|
| 001 | 61999 | ||
| 005 | 20260407155913.0 | ||
| 008 | 260407a1968 arg spa d | ||
| 003 | AR-UNSa-BCEJYS | ||
| 040 |
_aAR-UNSa-BCEJYS _bspa _cAR-UNSa-BCEJYS |
||
| 080 |
_a347.7(094.4) _xCódigo de Comercio |
||
| 245 | 1 | 0 |
_aCódigo de comercio y leyes complementarias _pAnotados |
| 250 | _a2a. ed. | ||
| 264 | 1 |
_aBuenos Aires : _bEdiciones Depalma _c1968 |
|
| 300 |
_a2 v. (875 ; 945 p.) _c23 cm. |
||
| 041 | _aspa | ||
| 942 | _cBK | ||
| 590 | _aniveau_biblio:m niveau_hierar:0 | ||
| 100 | 1 | _aAlconada Aramburú, Carlos R.S. | |
| 700 | 1 | _aArgentina [Código de Comercio] | |
| 999 |
_c7530 _d7530 |
||